000
00325nam a2200145Ia 4500
008
150301s2015 xx 000 0 und d
082
_a
615.321
_b
P09Z
100
_a
ZAFAR, R
245
_a
PRACTICAL PHARMACOGNOSY
250
_a
1ST
260
_b
CBS- DELHI
300
_a
140
650
_a
PHARMACEUTICS
942
_2
ddc
_c
BK
_0
3
999
_c
7302
_d
7302